| 000 -ლიდერი |
| ფიქსირებული სიგრძის საკონტროლო ველი |
02033nam a22002897a 4500 |
| 003 - საკონტროლო ნომრის იდენტიფიკატორი |
| საკონტროლო ველი |
Ge_BSU |
| 005 - ბოლო ოპერაციის თარიღი და დრო |
| საკონტროლო ველი |
20250415105922.0 |
| 008 - ფიქსირებული სიგრძის მონაცემთა ელემენტები - ზოგადი ინფორმაცია |
| ფიქსირებული სიგრძის საკონტროლო ველი |
250415s2019 ge ||||| |||| 00| 0 geo d |
| 020 ## - წიგნის საერთაშორისო სტანდარტული ნომერი |
| International Standard Book Number |
9789941303050 |
| 041 ## - ენის კოდი |
| Language code of text/sound track or separate title |
geo |
| 080 ## - უნივერსალური ათობითი კლასიფიკაციის ინდექსი |
| Universal Decimal Classification number |
087.5(031) მ-86 |
| 245 ## - ცნობა სათაურის შესახებ |
| Title |
მოსწავლის პირველი ენციკლოპედია / |
| Statement of responsibility, etc |
მთარგმნელები: ნოდარ მანჩხაშვილი, ციცო ხოცუაშვილი, თეა ბაკურაძე, მეგი ქვეითია; რედაქტორები: რუსუდან გორგაძე, მარინე სოხაძე, დიანა ყასუმაშილი; დიზაინერი ია მახათაძე. |
| 250 ## - გამოცემის ცნობა |
| Edition statement |
განახლებული გამოცემა |
| 264 ## - წარმოების, გამოცემის, დისტრიბუციის და სხვა ცნობები |
| გამოცემის, წარმოების, დისტრიბუციის... ადგილი |
თბილისი : |
| გამოცემის, წარმოების, დისტრიბუციის... სახელწოდება |
ბაკურ სულაკაურის გამომცემლობა, |
| გამოცემის, წარმოების, დისტრიბუციის... თარიღი |
2019. |
| 300 ## - ფიზიკური აღწერა |
| Extent |
320 გვ. : |
| Other physical details |
ილ. ; |
| Dimensions |
28 სმ. |
| 500 ## - ზოგადი შენიშვნა |
| General note |
რუკების საძიებელი: გვ. 310-311. |
| 501 ## - შენიშვნა თანმხლებ მასალაზე |
| With note |
სიტყვების საძიებელი: გვ. 312-318. |
| 700 ## - ADDED ENTRY--PERSONAL NAME |
| Personal name |
მანჩხაშვილი, ნოდარ |
| Relator term |
მთარგმნელი |
| 9 (RLIN) |
394 |
| 700 ## - ADDED ENTRY--PERSONAL NAME |
| Personal name |
ხოცუაშვილი, ციცო |
| Relator term |
მთარგმნელი |
| 9 (RLIN) |
6306 |
| 700 ## - ADDED ENTRY--PERSONAL NAME |
| Personal name |
ბაკურაძე, თეა |
| Relator term |
მთარგმნელი |
| 9 (RLIN) |
24796 |
| 700 ## - ADDED ENTRY--PERSONAL NAME |
| Personal name |
ქვეითაია, მეგი |
| Relator term |
მთარგმნელი |
| 9 (RLIN) |
24797 |
| 700 ## - ADDED ENTRY--PERSONAL NAME |
| Personal name |
გორგაძე, რუსუდან |
| Relator term |
რედაქტორი |
| 9 (RLIN) |
24798 |
| 700 ## - ADDED ENTRY--PERSONAL NAME |
| Personal name |
სოხაძე, მარინე |
| Relator term |
რედაქტორი |
| 9 (RLIN) |
24799 |
| 700 ## - ADDED ENTRY--PERSONAL NAME |
| Personal name |
ყასუმაშვილი, დიამა |
| Relator term |
რედაქტორი |
| 9 (RLIN) |
24800 |
| 700 ## - ADDED ENTRY--PERSONAL NAME |
| Personal name |
მახათაძე, ია |
| Relator term |
ყდის დიზაინერი |
| 9 (RLIN) |
5299 |
| 942 ## - ADDED ENTRY ELEMENTS (KOHA) |
| Source of classification or shelving scheme |
|
| Koha item type |
წიგნი |